00812nam a22002177a 450000500170000001000150001702000270003203500140005903700130007308200160008610000320010224500870013425000060022126000420022727000840026930000210035370000410037494200270041599900190044295201330046120240214163941.0 aENG-139241 c1050.00a9789355320162 aEN-122773 bDBAD/PUB a621.381527 aAlexander, Charles K962072 aFundamentals of Electric Circuits/cBy Charles K Alexander and Matthew N O Sadiku  a7 aChennaibMc Graw Hill Educationc2019 a444/1 Sri Ekambara Naicker Industrial Estate, Alapakkam, PorurbChennaie600116 a903p.c27cm(pbk) aSadiku , Matthew N O eAuthor962073 2ddccENh621.3815mALE c200739d200739 001040708NFICaAVbAVd2024-02-14eDBADg1050.00l0o621.3815 ALEpEN-122773r2024-02-14 00:00:00t1v1050.00w2024-02-14yEN